10 personnages Harry Potter quiz français - Statistiques

Statistiques générales
  • Ce quiz a été pris 4 557 fois
    1 171 depuis la dernière actualisation
  • Le résultat moyen est 6 sur 10
Statistiques - réponses
Descriptions Personnages % Correct
Elle est d'origine asiatique. Cho Chang
93%
Elle a torturé les parents de Neville. Bellatrix Lestrange
84%
Il porte des lunettes en demi-lune. Albus Dumbledore
80%
Elle est la directrice de la maison Poufsouffle. Pomona Chourave
78%
Ginny la surnomme Fleurk. Fleur Delacour
65%
Elle était la mère de Voldemort. Merope Gaunt
42%
Il est fan de football. Dean Thomas
34%
Elle était la fille de Rowena Serdaigle. Helena Serdaigle
31%
Elle déteste son prénom. Nymphadora Tonks
31%
Il raffole des ananas confis. Horace Slughorn
26%
Aucun quiz correspondant
Distribution des résultats
% des personnes avec chaque résultat
Percentile par nombre de réponses
Votre historique - résultats
Vous n’avez pas pris ce quiz depuis la dernière actualisation